<?xml version="1.0" encoding="UTF-8"?><?xml-stylesheet type="text/xsl" href="static/style.xsl"?><OAI-PMH xmlns="http://www.openarchives.org/OAI/2.0/" xmlns:xsi="http://www.w3.org/2001/XMLSchema-instance" xsi:schemaLocation="http://www.openarchives.org/OAI/2.0/ http://www.openarchives.org/OAI/2.0/OAI-PMH.xsd"><responseDate>2026-04-17T14:29:15Z</responseDate><request verb="GetRecord" identifier="oai:www.recercat.cat:2445/228853" metadataPrefix="marc">https://recercat.cat/oai/request</request><GetRecord><record><header><identifier>oai:recercat.cat:2445/228853</identifier><datestamp>2026-04-14T18:54:55Z</datestamp><setSpec>com_2072_1057</setSpec><setSpec>col_2072_478781</setSpec></header><metadata><record xmlns="http://www.loc.gov/MARC21/slim" xmlns:dcterms="http://purl.org/dc/terms/" xmlns:xsi="http://www.w3.org/2001/XMLSchema-instance" xmlns:doc="http://www.lyncode.com/xoai" xsi:schemaLocation="http://www.loc.gov/MARC21/slim http://www.loc.gov/standards/marcxml/schema/MARC21slim.xsd">
   <leader>00925njm 22002777a 4500</leader>
   <datafield ind2=" " ind1=" " tag="042">
      <subfield code="a">dc</subfield>
   </datafield>
   <datafield ind2=" " ind1=" " tag="720">
      <subfield code="a">Le Roux, Anabel-Lise</subfield>
      <subfield code="e">author</subfield>
   </datafield>
   <datafield ind2=" " ind1=" " tag="720">
      <subfield code="a">Venturini, Valeria</subfield>
      <subfield code="e">author</subfield>
   </datafield>
   <datafield ind2=" " ind1=" " tag="720">
      <subfield code="a">Gómez González, Manuel</subfield>
      <subfield code="e">author</subfield>
   </datafield>
   <datafield ind2=" " ind1=" " tag="720">
      <subfield code="a">Beedle, Amy E. M.</subfield>
      <subfield code="e">author</subfield>
   </datafield>
   <datafield ind2=" " ind1=" " tag="720">
      <subfield code="a">Quiroga, Xarxa</subfield>
      <subfield code="e">author</subfield>
   </datafield>
   <datafield ind2=" " ind1=" " tag="720">
      <subfield code="a">Menino, Xavier</subfield>
      <subfield code="e">author</subfield>
   </datafield>
   <datafield ind2=" " ind1=" " tag="720">
      <subfield code="a">Trepat Guixer, Xavier</subfield>
      <subfield code="e">author</subfield>
   </datafield>
   <datafield ind2=" " ind1=" " tag="720">
      <subfield code="a">Roca-Cusachs Soulere, Pere</subfield>
      <subfield code="e">author</subfield>
   </datafield>
   <datafield ind2=" " ind1=" " tag="260">
      <subfield code="c">2026-04-13T08:01:14Z</subfield>
   </datafield>
   <datafield ind2=" " ind1=" " tag="260">
      <subfield code="c">2026-04-13T08:01:14Z</subfield>
   </datafield>
   <datafield ind2=" " ind1=" " tag="260">
      <subfield code="c">2025-06-13</subfield>
   </datafield>
   <datafield ind2=" " ind1=" " tag="260">
      <subfield code="c">2026-04-13T08:01:14Z</subfield>
   </datafield>
   <datafield ind2=" " ind1=" " tag="520">
      <subfield code="a">Cells are continuously exposed to mechanical forces in physiological and pathological situations, including a variety of tensile and compressive stresses. There is very active research exploring how cells and tissues respond and adapt to such stresses and how these responses integrate with mechanochemical signaling. This has generated a need for sophisticated tools compatible with standard cell culture protocols and microscopy methods, reproducing physiological stresses in in-vitro studies. This study presents the design, function, and characterization of a stretching device compatible with high-resolution optical and fluorescence microscopy. Numerous stretching devices, either pneumatic- or motor-based, have been developed and used in the field. We present one of these systems in detail, including design guidelines, a variety of applications, and all the tools to fabricate a similar setup. The system is based on a deformable polydimethylsiloxane (PDMS) membrane, stretched equibiaxially upon vacuum application, rendering a homogeneous, reproducible, and controlled sample strain. It provides a variety of tensile stresses, from punctual and immediate stretch to repeated stretch-release cycles of controlled amplitude and frequency. Substrate coating with adhesion proteins allows seeding cells bearing fluorescent reporters in the stretching device and performing live-imaging of these cells upon stretch using high magnification fluorescence microscopes. Compressive stresses can also be applied by letting the sample adapt to stretch and subsequently releasing it or by seeding the sample on a pre-stretched substrate before stretch release. Additional topographical patterning of the PDMS substrate enables imaging of the same sample in different microscopy modes (such as fluorescence and electron microscopy). Polyacrylamide gels can also be attached to the PDMS membrane, resulting in the stretching of cells seeded on substrates of different stiffnesses. Overall, by applying controlled tensile stresses on live samples, this stretching device, coupled with high-quality fluorescence microscopy, can address a large variety of questions in mechanobiology.</subfield>
   </datafield>
   <datafield ind1="8" ind2=" " tag="024">
      <subfield code="a">https://hdl.handle.net/2445/228853</subfield>
   </datafield>
   <datafield tag="653" ind2=" " ind1=" ">
      <subfield code="a">Cèl·lules</subfield>
   </datafield>
   <datafield tag="653" ind2=" " ind1=" ">
      <subfield code="a">Estrès (Fisiologia)</subfield>
   </datafield>
   <datafield tag="653" ind2=" " ind1=" ">
      <subfield code="a">Cells</subfield>
   </datafield>
   <datafield tag="653" ind2=" " ind1=" ">
      <subfield code="a">Stress (Physiology)</subfield>
   </datafield>
   <datafield ind2="0" ind1="0" tag="245">
      <subfield code="a">Equibiaxial Stretching Device for High Magnification Live-Cell Confocal Fluorescence Microscopy</subfield>
   </datafield>
</record></metadata></record></GetRecord></OAI-PMH>